000 00495cam a2200169 4500
001 8330
005 20250603151702.0
008 060224s2007 cauab b 001 0 eng
010 _a 2006006854
020 _a9781571812162
020 _a9781571812162
245 1 3 _aThe study of culture at a distance:
_bthe study of contemporary western cultures.
250 _a5th ed.
260 _aNew York:
_b"Berghahn Books, ",
_cc2007.
300 _ax 535 pages. :
_bill., map ;
_c24 cm.
942 _2ddc
_cMAIN
999 _c10297
_d10298